000 00498nam a22001577u 4500
008 130405s1999 xxu||||| |||| 00| 0 spa d
020 _a8489733740
041 _aspa
100 1 _aPrieto Ramiro, Rafael
_929668
245 0 0 _aComo nosotros perdonamos a nuestros deudores
_b:Reflexiones en torno a la Deuda Externa
_cRafael Prieto Ramiro
260 _aMadrid:
_bCáritas Española,
_c1999
300 _a40 p.
_c;21 cm.
650 0 4 _aLiturgia
_xNavidad y adviento
_918909
942 _cBK
001 76855
999 _c255948
_d255948